|
|
|
|
| LEADER |
00000nam a22000007ia4500 |
| 001 |
IT\ICCU\CFI\0715114 |
| 003 |
ItRI |
| 005 |
20240709143316.0 |
| 008 |
080306m2007 it |||||| ||||| |||||c |
| 040 |
|
|
|b ita
|c CDM
|
| 041 |
|
7 |
|a ita
|2 ISO-639-2
|
| 130 |
0 |
|
|a Corano
|
| 245 |
0 |
3 |
|a Il Corano.
|
| 260 |
|
|
|a [Milano] :
|b Oscar Mondadori
|
| 300 |
|
|
|a v. ;
|c 19 cm.
|
| 500 |
|
|
|a <in italiano>
|
| 942 |
|
|
|2 ddc
|c BK
|
| 952 |
|
|
|0 0
|1 0
|2 ddc
|4 0
|6 297_122000000000000_COR
|7 1
|9 1584
|a RA
|b RA
|d 2024-07-09
|l 0
|o 297.122 COR
|p 9333
|r 2024-07-09 14:35:08
|w 2024-07-09
|y BK
|
| 981 |
|
1 |
|6 z01
|a i
|b xxxe
|
| 982 |
|
1 |
|6 z01
|a n
|
| 999 |
|
|
|c 1403
|d 1403
|